000 00587nam a2200229Ia 4500
003 OSt
005 20221005132638.0
006 a|||||r|||| 00| 0
007 ta
008 221004b |||||||| |||| 00| 0 eng d
024 _a52459
037 _cTextual
040 _aCRL
_cCRL
_beng
041 _2eng
_aeng
082 _aQ6:330cV2:25wM69, G3
100 _aGeorge P V
_9243223
245 0 _aUnique christ and the mystic Gandhi
260 _c1933
650 _aRELIGION
942 _hQ6:330cV2:25wM69, G3
_cTEXL
_2cc
999 _c1064318
_d1064318